<?xml version="1.0" encoding="UTF-8"?>
<marc:record xmlns:marc="http://www.loc.gov/MARC21/slim">
   <marc:leader>00000nam a2200000 a 4500</marc:leader>
   <marc:datafield ind1="1" ind2=" " tag="100">
      <marc:subfield code="a">Singer, Lea</marc:subfield>
      <marc:subfield code="4">aut</marc:subfield>
      <marc:subfield code="e">Verfasser/-in</marc:subfield>
   </marc:datafield>
   <marc:datafield ind1=" " ind2=" " tag="653">
      <marc:subfield code="a">Mozart, Wolfgang Amadeus</marc:subfield>
   </marc:datafield>
   <marc:datafield ind1=" " ind2=" " tag="653">
      <marc:subfield code="a">Mozart, Constanze</marc:subfield>
   </marc:datafield>
   <marc:datafield ind1="0" ind2="0" tag="245">
      <marc:subfield code="a">Das nackte Leben</marc:subfield>
   </marc:datafield>
   <marc:datafield ind1="0" ind2="0" tag="245">
      <marc:subfield code="b">Roman</marc:subfield>
   </marc:datafield>
   <marc:datafield ind1="0" ind2="0" tag="245">
      <marc:subfield code="c">Lea Singer</marc:subfield>
   </marc:datafield>
   <marc:datafield ind1=" " ind2="1" tag="264">
      <marc:subfield code="a">München</marc:subfield>
      <marc:subfield code="b">DVA</marc:subfield>
      <marc:subfield code="c">2005</marc:subfield>
   </marc:datafield>
   <marc:datafield ind1="1" ind2=" " tag="520">
      <marc:subfield code="a">Im Nachhinein beneiden sie viele. Und stellen sich vor, es müsste verführerisch gewesen sein, an der Seite des Mannes zu leben, der zum meistgeliebten Genie des Planeten wurde. Im nachhinein hassen sie viele, weil sie meinen, sie habe dem Genie geschadet. Dieser Neid und dieser Hass haben das Bild der Constanze Mozart verzerrt. Doch wer war sie wirklich, die Frau, die mit zwanzig Jahren Mozart heiratete und ihn mit neunundzwanzig verlor? Die Frau, die sich auf einen unansehnlichen Künstler mit fragwürdigen Manieren und einem beängstigenden Mangel an Wirklichkeitssinn einließ. Die Frau, die in hundert Ehemonaten sechs Schwangerschaften überstand und vier ihrer Kinder sterben sah. Aber auch die Frau, die zwischen allen Sorgen Mozarts Unbeschwertheit teilen konnte. Lea Singer erzählt keine Gerüchte nach, sondern lebendig und aufregend das nackte Leben der Constanze Mozart.</marc:subfield>
   </marc:datafield>
   <marc:datafield ind1=" " ind2=" " tag="020">
      <marc:subfield code="a">9783421058911</marc:subfield>
      <marc:subfield code="9">9783421058911</marc:subfield>
   </marc:datafield>
   <marc:datafield ind1=" " ind2=" " tag="041">
      <marc:subfield code="a">ger</marc:subfield>
   </marc:datafield>
   <marc:datafield ind1="1" ind2=" " tag="521">
      <marc:subfield code="a">0</marc:subfield>
   </marc:datafield>
   <marc:datafield ind1=" " ind2=" " tag="300">
      <marc:subfield code="a">377 S.</marc:subfield>
   </marc:datafield>
</marc:record>
